[Event "OP-2012-0-02051"]
[Site "LSS email"]
[Date "2012.02.06"]
[Round "?"]
[White "Brandt, Dennis"]
[Black "Winter, Malcolm J"]
[Result "0-1"]
[WhiteElo "901"]
[BlackElo "1114"]
[PlyCount "70"]
[EventDate "2012.02.04"]
[EventType "tourn (corr)"]
[EventRounds "4"]
[EventCountry "GER"]
[SourceTitle "Telechess CBM 155"]
[Source "ChessBase"]
[SourceDate "2013.07.16"]
[SourceVersion "1"]
[SourceVersionDate "2013.07.16"]
[SourceQuality "1"]

1. e4 c6 2. d4 d5 3. Nc3 dxe4 4. Nxe4 Nf6 5. Ng3 h5 6. h4 Bg4 7. Be2 e6 8. c3 Bd6 9. Bg5 Bxg3 10. fxg3 Qc7 11. Bf4 Qb6 12. Rb1 Bf5 13. Bd3 Bxd3 14. Qxd3 Nbd7 15. Nf3 Rd8 16. 0-0 c5 17. dxc5 Nxc5 18. Qe3 Ng4 19. Qe2 Nd3+ 20. Kh1 Ndf2+ 21. Rxf2 Nxf2+ 22. Kh2 Ng4+ 23. Kh3 0-0 24. Ne5 Qf2 25. Re1 Qxe2 26. Rxe2 Nxe5 27. Bxe5 f6 28. Bf4 Rd1 29. Kh2 e5 30. Be3 b6 31. a3 Rfd8 32. g4 hxg4 33. Kg3 f5 34. Bg5 R8d3+ 35. Kf2 g3# 0-1

[Event "OP-2012-0-02051"]
[Site "LSS email"]
[Date "2012.02.06"]
[Round "?"]
[White "Enguidanos Gimeno, Salvador"]
[Black "Brandt, Dennis"]
[Result "1-0"]
[WhiteElo "1469"]
[BlackElo "901"]
[PlyCount "33"]
[EventDate "2012.02.04"]
[EventType "tourn (corr)"]
[EventRounds "4"]
[EventCountry "GER"]
[SourceTitle "Corr 2015"]
[Source "ChessBase"]
[SourceDate "2015.07.17"]
[SourceVersion "1"]
[SourceVersionDate "2015.07.17"]
[SourceQuality "1"]

1. Nf3 Nf6 2. d4 g6 3. g3 Bg7 4. Bg2 0-0 5. 0-0 d5 6. Nbd2 c6 7. c4 Re8 8. b3 dxc4 9. bxc4 Nbd7 10. Bb2 Ng4 11. h3 Ngf6 12. e4 Nh5 13. Qc2 Qc7 14. Rfe1 Nxg3 15. fxg3 Qxg3 16. Nf1 Qc7 17. d5 1-0

[Event "RF-2012-0-00105"]
[Site "LSS email"]
[Date "2012.02.02"]
[Round "?"]
[White "Brandt, Dennis"]
[Black "Schnoewitz, Brigitte"]
[Result "0-1"]
[WhiteElo "902"]
[BlackElo "1136"]
[PlyCount "54"]
[EventDate "2012.01.06"]
[EventType "tourn (corr)"]
[EventRounds "6"]
[EventCountry "GER"]
[SourceTitle "Telechess CBM 153"]
[Source "ChessBase"]
[SourceDate "2013.03.14"]
[SourceVersion "1"]
[SourceVersionDate "2013.03.14"]
[SourceQuality "1"]

1. e4 c5 2. Nf3 Nc6 3. d4 cxd4 4. Nxd4 d6 5. Nc3 a6 6. g3 e6 7. Bg2 Nf6 8. 0-0 Be7 9. Be3 0-0 10. Nxc6 bxc6 11. f4 Rb8 12. b3 c5 13. Ne2 a5 14. c4 Bb7 15. Qc2 d5 16. exd5 exd5 17. cxd5 Qb6 18. Rac1 Rfc8 19. Rfd1 Ba6 20. Nc3 Ng4 21. Bf2 Nxf2 22. Qxf2 Qc7 23. Ne4 f5 24. d6 Qa7 25. Nxc5 Bd8 26. Nxa6 Qxa6 27. Qd4 Bb6 0-1

[Event "RF-2012-0-00105"]
[Site "LSS email"]
[Date "2012.02.02"]
[Round "?"]
[White "Brandt, Dennis"]
[Black "Torfs, Gert"]
[Result "1/2-1/2"]
[WhiteElo "902"]
[BlackElo "845"]
[PlyCount "60"]
[EventDate "2012.01.06"]
[EventType "tourn (corr)"]
[EventRounds "6"]
[EventCountry "GER"]
[SourceTitle "Telechess CBM 153"]
[Source "ChessBase"]
[SourceDate "2013.03.14"]
[SourceVersion "1"]
[SourceVersionDate "2013.03.14"]
[SourceQuality "1"]

1. e4 e5 2. Nf3 Nc6 3. Bb5 a6 4. Ba4 Nf6 5. 0-0 d6 6. Re1 Bg4 7. h3 Bh5 8. Nc3 Be7 9. Nd5 0-0 10. Bxc6 bxc6 11. Nxe7+ Qxe7 12. d3 c5 13. Bg5 h6 14. Bh4 g5 15. Bg3 g4 16. hxg4 Bxg4 17. Bh4 Qe6 18. Qd2 Kh7 19. Nh2 Bh5 20. f4 Rg8 21. f5 Qe7 22. b3 Rg7 23. Rf1 Rag8 24. Rf2 Qd8 25. Raf1 Bg4 26. Nxg4 Rxg4 27. Bxf6 Qxf6 28. Re1 Qh4 29. Re3 Qg5 30. Rh3 Qxd2 1/2-1/2

[Event "RF-2012-0-00105"]
[Site "LSS email"]
[Date "2012.02.02"]
[Round "?"]
[White "Feng, Jason"]
[Black "Brandt, Dennis"]
[Result "0-1"]
[WhiteElo "871"]
[BlackElo "902"]
[PlyCount "88"]
[EventDate "2012.01.06"]
[EventType "tourn (corr)"]
[EventRounds "6"]
[EventCountry "GER"]
[SourceTitle "Telechess CBM 153"]
[Source "ChessBase"]
[SourceDate "2013.03.14"]
[SourceVersion "1"]
[SourceVersionDate "2013.03.14"]
[SourceQuality "1"]

1. d4 Nf6 2. c4 g6 3. Nc3 Bg7 4. e4 d6 5. Nf3 0-0 6. Be2 Nc6 7. Be3 e5 8. d5 Ne7 9. Qd2 Ng4 10. h3 Nxe3 11. Qxe3 f5 12. 0-0-0 fxe4 13. Nxe4 Nf5 14. Qg5 Qxg5+ 15. Nfxg5 Nd4 16. Bf3 Bh6 17. Kb1 Bf5 18. h4 Nxf3 19. gxf3 Bxg5 20. hxg5 Bxe4+ 21. fxe4 Rxf2 22. Rhf1 Raf8 23. Rxf2 Rxf2 24. Rg1 Rf4 25. c5 dxc5 26. Rc1 b6 27. b4 Rxe4 28. bxc5 Rb4+ 29. Ka1 Rd4 30. cxb6 cxb6 31. Rc8+ Kf7 32. Rc7+ Ke8 33. Rxa7 Rxd5 34. Rxh7 e4 35. Rh8+ Kd7 36. Rh7+ Kd6 37. Rh6 Rxg5 38. Rh2 Re5 39. Rd2+ Ke7 40. Kb2 e3 41. Re2 Ke6 42. Kc3 Kf5 43. Kd4 Kf4 44. Kd3 g5 0-1

[Event "LSS RF-2011-0-00104"]
[Site "LSS email"]
[Date "2012.01.29"]
[Round "?"]
[White "Brandt, Dennis"]
[Black "Shim Ng Min, Francis"]
[Result "1/2-1/2"]
[WhiteElo "901"]
[BlackElo "1091"]
[PlyCount "42"]
[EventDate "2011.12.27"]
[EventType "tourn (corr)"]
[EventRounds "6"]
[EventCountry "GER"]
[SourceTitle "Telechess CBM 155"]
[Source "ChessBase"]
[SourceDate "2013.07.16"]
[SourceVersion "1"]
[SourceVersionDate "2013.07.16"]
[SourceQuality "1"]

1. e4 c5 2. Nf3 e6 3. g3 b6 4. Bg2 Bb7 5. d3 d6 6. 0-0 Nf6 7. Nbd2 Be7 8. Re1 e5 9. Nc4 0-0 10. Ne3 Re8 11. Nf5 Nbd7 12. Nxe7+ Qxe7 13. h4 Nf8 14. Nh2 Ne6 15. Ng4 Nd4 16. Nxf6+ Qxf6 17. c3 Ne6 18. Qf3 Qxf3 19. Bxf3 Rad8 20. Bg4 Bc8 21. Bxe6 Bxe6 1/2-1/2

[Event "LSS RF-2011-0-00104"]
[Site "LSS email"]
[Date "2012.01.29"]
[Round "?"]
[White "Lewis, Jerome A"]
[Black "Brandt, Dennis"]
[Result "1-0"]
[WhiteElo "1061"]
[BlackElo "901"]
[PlyCount "43"]
[EventDate "2011.12.27"]
[EventType "tourn (corr)"]
[EventRounds "6"]
[EventCountry "GER"]
[SourceTitle "Telechess CBM 157"]
[Source "ChessBase"]
[SourceDate "2013.11.12"]
[SourceVersion "1"]
[SourceVersionDate "2013.11.12"]
[SourceQuality "1"]

1. d4 Nf6 2. Nc3 g6 3. Bg5 Bg7 4. f3 d5 5. Qd2 Nc6 6. 0-0-0 a6 7. Bh6 Bxh6 8. Qxh6 b5 9. a3 Qd6 10. e4 dxe4 11. Nxe4 Nxe4 12. fxe4 b4 13. a4 Bg4 14. Be2 Bxe2 15. Nxe2 b3 16. c3 Na5 17. Qg7 Rf8 18. d5 f6 19. Qxh7 Qd7 20. Qxg6+ Kd8 21. Rd4 Nb7 22. Nf4 1-0

[Event "LSS RF-2011-0-00104"]
[Site "LSS email"]
[Date "2012.01.29"]
[Round "?"]
[White "Malyszek, Tomasz"]
[Black "Brandt, Dennis"]
[Result "0-1"]
[WhiteElo "953"]
[BlackElo "901"]
[PlyCount "76"]
[EventDate "2011.12.27"]
[EventType "tourn (corr)"]
[EventRounds "6"]
[EventCountry "GER"]
[SourceTitle "Telechess CBM 155"]
[Source "ChessBase"]
[SourceDate "2013.07.16"]
[SourceVersion "1"]
[SourceVersionDate "2013.07.16"]
[SourceQuality "1"]

1. e4 c5 2. Bc4 e6 3. Nc3 a6 4. a3 b5 5. Ba2 Bb7 6. Nf3 Ne7 7. 0-0 c4 8. b4 d5 9. exd5 Nxd5 10. Bb2 Nd7 11. Re1 N7f6 12. Ne5 Be7 13. Nxd5 Qxd5 14. Nf3 Qh5 15. Bxf6 Bxf6 16. Rb1 Bxf3 17. Qxf3 Qxf3 18. gxf3 Rd8 19. Red1 Rd6 20. Rbc1 Ke7 21. d3 Rhd8 22. Kg2 Bb2 23. Rb1 Bxa3 24. Rd2 cxd3 25. c4 bxc4 26. Bxc4 Rd4 27. Bxa6 Bxb4 28. Rxd3 Rxd3 29. Bxd3 Rxd3 30. Rxb4 Rd5 31. Rh4 h6 32. Rg4 g5 33. h4 Rf5 34. hxg5 Rxg5 35. Rxg5 hxg5 36. Kg3 e5 37. Kg4 Kf6 38. Kg3 Kf5 0-1

[Event "LSS No Engine Cup 56 Preliminary 1"]
[Site "LSS email"]
[Date "2011.12.31"]
[Round "?"]
[White "Brandt, Dennis"]
[Black "Zmolil, Karel"]
[Result "0-1"]
[WhiteElo "902"]
[BlackElo "1223"]
[PlyCount "113"]
[EventDate "2012.01.01"]
[EventType "tourn (corr)"]
[EventRounds "6"]
[EventCountry "GER"]
[SourceTitle "Telechess CBM 153"]
[Source "ChessBase"]
[SourceDate "2013.03.14"]
[SourceVersion "1"]
[SourceVersionDate "2013.03.14"]
[SourceQuality "1"]

1. e4 e5 2. Nf3 Nc6 3. Bb5 Nd4 4. Nxd4 exd4 5. 0-0 c6 6. Ba4 d6 7. d3 Nf6 8. f4 Bg4 9. Qe1 Be7 10. h3 Bd7 11. g4 0-0 12. Nd2 a5 13. a3 Ne8 14. g5 g6 15. h4 h5 16. f5 Bxg5 17. hxg5 Qxg5+ 18. Kf2 Nf6 19. Ke2 Ng4 20. Nf3 Qe7 21. Qh4 Qxh4 22. Nxh4 Kh7 23. Bg5 Rae8 24. fxg6+ fxg6 25. Rxf8 Rxf8 26. Rf1 Rxf1 27. Kxf1 b5 28. Bb3 a4 29. Ba2 Ne3+ 30. Bxe3 dxe3 31. Ke2 Kh6 32. Kxe3 Kg5 33. Ng2 Kg4 34. Bf7 g5 35. Kf2 h4 36. Bg6 h3 37. Ne3+ Kf4 38. Nf5 g4 39. Ng3 c5 40. Bf5 Be8 41. Ne2+ Kg5 42. Kg3 b4 43. axb4 cxb4 44. Nc1 Bf7 45. Bxg4 h2 46. Bf3 Bh5 47. Bg2 a3 48. bxa3 bxa3 49. d4 Be2 50. Nb3 Bc4 51. Na1 Bf1 52. Kxh2 Kf4 53. Bxf1 Kxe4 54. Kg3 Kxd4 55. Kf4 Kc3 56. Bd3 Kb2 57. Nb3 0-1

[Event "LSS No Engine Cup 56 Preliminary 1"]
[Site "LSS email"]
[Date "2011.12.31"]
[Round "?"]
[White "Moreno Roman, Alejandro"]
[Black "Brandt, Dennis"]
[Result "1-0"]
[WhiteElo "1183"]
[BlackElo "902"]
[PlyCount "38"]
[EventDate "2012.01.01"]
[EventType "tourn (corr)"]
[EventRounds "6"]
[EventCountry "GER"]
[SourceTitle "Telechess CBM 153"]
[Source "ChessBase"]
[SourceDate "2013.03.14"]
[SourceVersion "1"]
[SourceVersionDate "2013.03.14"]
[SourceQuality "1"]

1. c4 Nf6 2. d4 g6 3. Nc3 Bg7 4. Nf3 0-0 5. e4 d6 6. Be2 Nc6 7. 0-0 e5 8. d5 Ne7 9. Bg5 h6 10. Bxf6 Bxf6 11. b4 Bg7 12. Nd2 f5 13. f3 g5 14. a4 h5 15. Rc1 g4 16. fxg4 fxg4 17. g3 Ng6 18. Rf2 Bh6 19. Rc2 Be3 1-0

[Event "SF-2011-0-00125"]
[Site "LSS email"]
[Date "2011.12.22"]
[Round "?"]
[White "Mori, Roberto"]
[Black "Brandt, Dennis"]
[Result "0-1"]
[WhiteElo "721"]
[BlackElo "901"]
[PlyCount "92"]
[EventDate "2011.11.28"]
[EventType "tourn (corr)"]
[EventRounds "6"]
[EventCountry "GER"]
[SourceTitle "Telechess CBM 155"]
[Source "ChessBase"]
[SourceDate "2013.07.16"]
[SourceVersion "1"]
[SourceVersionDate "2013.07.16"]
[SourceQuality "1"]

1. e4 c5 2. Nf3 d6 3. d4 cxd4 4. Nxd4 Nf6 5. Nc3 g6 6. h3 Bd7 7. Bc4 Bg7 8. 0-0 0-0 9. Bg5 Nc6 10. Nf3 Rc8 11. a3 a6 12. Re1 b5 13. Bd5 Na5 14. e5 dxe5 15. Nxe5 e6 16. Bf3 Bc6 17. Nxc6 Nxc6 18. Qc1 Qc7 19. Bf4 Qe7 20. Bg5 Qc7 21. Rb1 Nd4 22. Bf4 Nxf3+ 23. gxf3 Qc6 24. Qd1 Rfd8 25. Qe2 Nd5 26. Nxd5 Rxd5 27. c3 Qc4 28. Qe3 Rcd8 29. Qb6 Qxf4 30. Qe3 Rg5+ 31. Kf1 Qxe3 32. Rxe3 Rgd5 33. f4 Bh6 34. Rf3 Rf5 35. Kg2 Rxf4 36. Re3 Rd2 37. Rf3 Re4 38. b3 Ree2 39. a4 Be3 40. Rf1 bxa4 41. bxa4 f5 42. Kg1 Bg5 43. c4 e5 44. Rg3 Bh4 45. Rf3 e4 46. Rf4 Bg5 0-1

[Event "OP-2011-0-01885"]
[Site "LSS email"]
[Date "2011.11.18"]
[Round "?"]
[White "Bormida, Adolfo A"]
[Black "Brandt, Dennis"]
[Result "1-0"]
[WhiteElo "2302"]
[BlackElo "1068"]
[PlyCount "55"]
[EventDate "2011.11.15"]
[EventType "tourn (corr)"]
[EventRounds "4"]
[EventCountry "GER"]
[SourceTitle "Telechess CBM 157"]
[Source "ChessBase"]
[SourceDate "2013.11.12"]
[SourceVersion "1"]
[SourceVersionDate "2013.11.12"]
[SourceQuality "1"]

1. e4 e5 2. Nf3 Nc6 3. Bc4 Bc5 4. c3 Nf6 5. d3 d6 6. Bb3 a6 7. Nbd2 0-0 8. h3 Ba7 9. Nf1 h6 10. g4 Nh7 11. Ng3 Be6 12. Nf5 Ne7 13. Rg1 Bxb3 14. axb3 Nxf5 15. gxf5 Kh8 16. Be3 Bxe3 17. fxe3 f6 18. b4 Qe8 19. Nh4 Kg8 20. Ng6 Rf7 21. Qb3 Ng5 22. Rg3 Qb5 23. h4 Nh7 24. Ne7+ Kf8 25. Ng6+ Kg8 26. Nh8 Kxh8 27. Qxf7 Rg8 28. Ke2 1-0

[Event "RN-2011-0-00418"]
[Site "LSS email"]
[Date "2011.10.31"]
[Round "?"]
[White "Brandt, Dennis"]
[Black "Fuller, Christopher"]
[Result "1-0"]
[WhiteElo "1068"]
[BlackElo "918"]
[PlyCount "103"]
[EventDate "2011.10.11"]
[EventType "tourn (corr)"]
[EventRounds "6"]
[EventCountry "GER"]
[SourceTitle "Telechess CBM 157"]
[Source "ChessBase"]
[SourceDate "2013.11.12"]
[SourceVersion "1"]
[SourceVersionDate "2013.11.12"]
[SourceQuality "1"]

1. e4 e5 2. Nf3 Nc6 3. Bb5 Nf6 4. 0-0 Bd6 5. Nc3 0-0 6. d3 a6 7. Ba4 b5 8. Bb3 Na5 9. Bg5 h6 10. Bh4 Nxb3 11. axb3 Bb7 12. Re1 Re8 13. Nd5 Nxd5 14. Bxd8 Raxd8 15. exd5 Bxd5 16. Rxa6 e4 17. dxe4 Bxe4 18. Nd4 b4 19. Ra1 c5 20. Nb5 Bf4 21. Nd6 Bxc2 22. Rxe8+ Rxe8 23. Nxe8 Bxd1 24. Rxd1 Kf8 25. Nd6 Ke7 26. Nb7 d6 27. g3 Be5 28. Rd2 g5 29. Kg2 f6 30. Kf3 f5 31. h3 h5 32. g4 fxg4+ 33. hxg4 hxg4+ 34. Kxg4 Bf6 35. Nxd6 Be5 36. Nc4 Bf4 37. Rd5 Ke6 38. Rxc5 Kf6 39. Rf5+ Kg6 40. Rxf4 gxf4 41. Kxf4 Kf6 42. Ke4 Ke6 43. f4 Kd7 44. Ke5 Kd8 45. Ke6 Ke8 46. f5 Kf8 47. f6 Kg8 48. f7+ Kf8 49. Ne5 Kg7 50. Ke7 Kh7 51. Kf6 Kh6 52. f8Q+ 1-0

[Event "RN-2011-0-00418"]
[Site "LSS email"]
[Date "2011.10.31"]
[Round "?"]
[White "Dixon, Grant"]
[Black "Brandt, Dennis"]
[Result "0-1"]
[WhiteElo "503"]
[BlackElo "1068"]
[PlyCount "58"]
[EventDate "2011.10.11"]
[EventType "tourn (corr)"]
[EventRounds "6"]
[EventCountry "GER"]
[SourceTitle "Telechess CBM 157"]
[Source "ChessBase"]
[SourceDate "2013.11.12"]
[SourceVersion "1"]
[SourceVersionDate "2013.11.12"]
[SourceQuality "1"]

1. e3 d5 2. d4 Nf6 3. c3 g6 4. b4 Bd7 5. a4 Bg7 6. a5 0-0 7. Nf3 Nc6 8. Ne5 Nxe5 9. dxe5 Ng4 10. Be2 Nxe5 11. Qxd5 Bf5 12. Qxb7 Nd3+ 13. Kd1 Nc5+ 14. Nd2 Nxb7 15. Bf3 Rb8 16. e4 Bxc3 17. Ra2 Be6 18. Re1 Bxa2 19. a6 Nc5 20. Re3 Nb3 21. Rxc3 Rxb4 22. Kc2 Nxd2 23. Bxd2 Rc4 24. Be2 Rxc3+ 25. Bxc3 Qb8 26. f3 Qb3+ 27. Kd2 Rd8+ 28. Bd3 Qc4 29. Bd4 Qxd4 0-1

[Event "RN-2011-0-00418"]
[Site "LSS email"]
[Date "2011.10.31"]
[Round "?"]
[White "Schoenbuchner, Gerhard"]
[Black "Brandt, Dennis"]
[Result "0-1"]
[WhiteElo "971"]
[BlackElo "1068"]
[PlyCount "48"]
[EventDate "2011.10.11"]
[EventType "tourn (corr)"]
[EventRounds "6"]
[EventCountry "GER"]
[SourceTitle "Telechess CBM 157"]
[Source "ChessBase"]
[SourceDate "2013.11.12"]
[SourceVersion "1"]
[SourceVersionDate "2013.11.12"]
[SourceQuality "1"]

1. e4 c5 2. Nc3 d6 3. d3 Nc6 4. Be3 Nf6 5. Qd2 a6 6. 0-0-0 b5 7. h3 b4 8. Nce2 a5 9. f4 a4 10. g4 b3 11. cxb3 axb3 12. a3 g6 13. Bg2 Qc7 14. Nf3 Bg7 15. Nh4 Nd7 16. f5 Nb6 17. fxg6 hxg6 18. Nf3 Na4 19. Nc3 Nxc3 20. bxc3 Rxa3 21. Qb2 Qa5 22. Nd2 Bxc3 23. Nxb3 Bxb2+ 24. Kxb2 Qb4 0-1

[Event "RN-2011-0-00418"]
[Site "LSS email"]
[Date "2011.10.29"]
[Round "?"]
[White "Brandt, Dennis"]
[Black "Hughes, Chris"]
[Result "1-0"]
[WhiteElo "1068"]
[BlackElo "826"]
[PlyCount "51"]
[EventDate "2011.10.11"]
[EventType "tourn (corr)"]
[EventRounds "6"]
[EventCountry "GER"]
[SourceTitle "Telechess CBM 157"]
[Source "ChessBase"]
[SourceDate "2013.11.12"]
[SourceVersion "1"]
[SourceVersionDate "2013.11.12"]
[SourceQuality "1"]

1. e4 e6 2. d3 d5 3. Nd2 Nf6 4. Ngf3 c5 5. g3 Nc6 6. Bg2 Bd7 7. 0-0 Be7 8. e5 Ng4 9. Re1 0-0 10. Nf1 Qc7 11. Bf4 h6 12. Qe2 h5 13. h3 Nh6 14. Bxh6 gxh6 15. N3h2 h4 16. Qh5 Kh7 17. gxh4 Nd4 18. Ne3 Nf5 19. Nhg4 Qd8 20. Nxf5 exf5 21. Nxh6 Kg7 22. Nxf5+ Bxf5 23. Qxf5 f6 24. Re3 Kf7 25. e6+ Ke8 26. Qg6+ 1-0

[Event "OP-2011-0-01841"]
[Site "LSS email"]
[Date "2011.10.27"]
[Round "?"]
[White "Kolanek, Roman"]
[Black "Brandt, Dennis"]
[Result "1-0"]
[WhiteElo "2037"]
[BlackElo "988"]
[PlyCount "36"]
[EventDate "2011.10.24"]
[EventType "tourn (corr)"]
[EventRounds "4"]
[EventCountry "GER"]
[SourceTitle "Telechess CBM 151"]
[Source "ChessBase"]
[SourceDate "2012.11.13"]
[SourceVersion "1"]
[SourceVersionDate "2012.11.13"]
[SourceQuality "1"]

1. d4 Nf6 2. c4 g6 3. Nc3 Bg7 4. e4 d6 5. Nf3 0-0 6. Be2 Nbd7 7. 0-0 e5 8. dxe5 Nxe5 9. Nxe5 dxe5 10. Qa4 c6 11. Be3 Qc7 12. Rfd1 Be6 13. Bc5 Rfd8 14. Rxd8+ Qxd8 15. Rd1 Qb8 16. Bd6 Qc8 17. Bxe5 Nxe4 18. Bxg7 Nxc3 1-0

[Event "OP-2011-0-01841"]
[Site "LSS email"]
[Date "2011.10.27"]
[Round "?"]
[White "Raines, David T"]
[Black "Brandt, Dennis"]
[Result "1-0"]
[WhiteElo "1144"]
[BlackElo "988"]
[PlyCount "103"]
[EventDate "2011.10.24"]
[EventType "tourn (corr)"]
[EventRounds "4"]
[EventCountry "GER"]
[SourceTitle "Telechess CBM 151"]
[Source "ChessBase"]
[SourceDate "2012.11.13"]
[SourceVersion "1"]
[SourceVersionDate "2012.11.13"]
[SourceQuality "1"]

1. d4 Nf6 2. Nf3 g6 3. g3 Bg7 4. Bg2 0-0 5. 0-0 d6 6. c4 Nc6 7. Nc3 e5 8. d5 Ne7 9. e4 Ne8 10. Ne1 f5 11. Nd3 fxe4 12. Nxe4 Nf6 13. Ng5 h6 14. Ne4 Bf5 15. Nc3 g5 16. h3 Qd7 17. Kh2 a6 18. Qe2 Bg6 19. Bd2 Nf5 20. Rae1 Nd4 21. Qe3 Nc2 22. Qe2 Nxe1 23. Rxe1 g4 24. h4 Rf7 25. b4 Raf8 26. Be3 Ne8 27. c5 h5 28. Kg1 Kh7 29. Ne4 Bh6 30. Bxh6 Kxh6 31. Rf1 Qf5 32. Qe3+ Kg7 33. Nc1 Qd7 34. Ng5 Rf6 35. Ne6+ Rxe6 36. dxe6 Qxe6 37. Bxb7 Qc4 38. Qa3 d5 39. Bxa6 Qd4 40. Qb3 Rf3 41. Ne2 Rxb3 42. Nxd4 Rxb4 43. Ne6+ Kf6 44. Bc8 d4 45. Bd7 d3 46. Rd1 e4 47. Nf4 Bf7 48. Bxe8 Bxa2 49. Bxh5 Kf5 50. Bg6+ Ke5 51. Bh5 Kf5 52. Ng2 1-0